Statistics for Biggest Cities in Alaska

Click here to take the quiz!

General Stats

  • This quiz has been taken 16,832 times
    (13,026 since last reset)
  • The average score is 8 of 23

Answers on the Map

Answers color-coded by a green-red scale on the quiz's map according to % correct below.
 

Answer Stats

PopulationCity% Correct
291,538Anchorage
97%
32,113Juneau
94%
31,516Fairbanks
78%
3,866Nome
55%
4,488Barrow
50%
5,968Kodiak
35%
8,647Sitka
35%
8,289Ketchikan
33%
10,529Wasilla
31%
5,810Homer
25%
2,729Seward
25%
2,113North Pole
24%
4,497Unalaska
24%
3,834Valdez
22%
7,778Kenai
21%
6,493Bethel
20%
7,306Palmer
20%
3,266Kotzebue
16%
2,503Wrangell
15%
4,689Soldotna
14%
2,160Cordova
13%
2,396Dillingham
13%
2,390Houston
11%

Score Distribution

Percentile by Number Answered

Percent of People with Each Score

Your Score History

You have not taken this quiz since the last reset